|
|
|
|
| LEADER |
00600nam a22001577a 4500 |
| 008 |
150707b xxu||||| |||| 00| 0 eng d |
| 020 |
|
|
|a 9788187336570
|
| 082 |
|
|
|a 079.54 KHE
|
| 245 |
|
|
|a Journalism and human development :
|b making of the global newsperson /
|c Rabin Khemchand
|
| 250 |
|
|
|a 1st ed.
|
| 260 |
|
|
|a New Delhi :
|b Dominant
|c 2000.
|
| 300 |
|
|
|a 320p.
|
| 650 |
|
|
|a Journalism
|
| 942 |
|
|
|2 ddc
|c BK
|
| 999 |
|
|
|c 11706
|d 11706
|
| 952 |
|
|
|0 0
|1 0
|2 ddc
|4 0
|6 079_540000000000000_KHE
|7 0
|9 16535
|a MAIN
|b MAIN
|d 2015-07-07
|e Professional Book Centre
|g 625.00
|l 4
|m 2
|o 079.54 KHE
|p 16801
|r 2017-12-15
|s 2017-11-21
|t 1
|w 2015-07-07
|y BK
|